COLOUR TELEVISION (Record no. 818390)

MARC details
000 -LEADER
fixed length control field 00373pam a2200157a 44500
008 - FIXED-LENGTH DATA ELEMENTS--GENERAL INFORMATION
fixed length control field 230405s2006 xxu||||| |||| 00| 0 eng d
041 ## - LANGUAGE CODE
Language code of text/sound track or separate title ENG
100 ## - MAIN ENTRY--PERSONAL NAME
Personal name GULATI R.R
245 ## - TITLE STATEMENT
Title COLOUR TELEVISION
Remainder of title 04/09/2007
250 ## - EDITION STATEMENT
Edition statement 2006
260 ## - PUBLICATION, DISTRIBUTION, ETC.
Place of publication, distribution, etc. NEW DELHI
Name of publisher, distributor, etc. NEW AGE INTERNATIONAL PUB
Date of publication, distribution, etc. 2006
300 ## - PHYSICAL DESCRIPTION
Extent P.B,XI,557
650 ## - SUBJECT ADDED ENTRY--TOPICAL TERM
Topical term or geographic name entry element E&TC
690 ## - LOCAL SUBJECT ADDED ENTRY--TOPICAL TERM (OCLC, RLIN)
Topical term or geographic name as entry element E&TC
906 ## - LOCAL DATA ELEMENT F, LDF (RLIN)
a 4195
Holdings
Withdrawn status Lost status Damaged status Not for loan Collection Home library Current library Date acquired Source of acquisition Cost, normal purchase price Total Checkouts Full call number Barcode Date last seen Price effective from Koha item type
          College of Engineering, Kolhapur College of Engineering, Kolhapur 16/08/2023 BHARATI MADYAWARHI SAHAKARI GRAHAK BHANDAR PUNE 235.00   384/GUL ECK-SW-748 16/08/2023 16/08/2023 Book
          College of Engineering, Kolhapur College of Engineering, Kolhapur 16/08/2023 BHARATI MADYAWARHI SAHAKARI GRAHAK BHANDAR PUNE 235.00   384/GUL ECK-SW-747 16/08/2023 16/08/2023 Book
          College of Engineering, Kolhapur College of Engineering, Kolhapur 16/08/2023 BHARATI MADYAWARHI SAHAKARI GRAHAK BHANDAR PUNE 235.00   384/GUL ECK-SW-746 16/08/2023 16/08/2023 Book
          College of Engineering, Kolhapur College of Engineering, Kolhapur 16/08/2023 BHARATI MADYAWARHI SAHAKARI GRAHAK BHANDAR PUNE 235.00   384/GUL ECK-SW-745 16/08/2023 16/08/2023 Book
          College of Engineering, Kolhapur College of Engineering, Kolhapur 16/08/2023 BHARATI MADYAWARHI SAHAKARI GRAHAK BHANDAR PUNE 235.00   384/GUL ECK-SW-744 16/08/2023 16/08/2023 Book